Perspectivas del Estado empresario costarricense /
שמור ב:
| מחבר ראשי: | |
|---|---|
| פורמט: | Texto |
| נושאים: | |
| תגים: |
הוספת תג
אין תגיות, היה/י הראשונ/ה לתייג את הרשומה!
|
MARC
| LEADER | 00000 a a2200000 04500 | ||
|---|---|---|---|
| 001 | 3088 | ||
| 003 | |||
| 040 | |||
| 100 | |a Vega Martínez, Mylena | ||
| 245 | |a Perspectivas del Estado empresario costarricense / |c Mylena Vega Martínez | ||
| 650 | |a CODESA | ||
| 650 | |a ANALISIS SOCIOLOGICO | ||
| 650 | |a ESTADO | ||
| 650 | |a INTERVENCION DEL ESTADO | ||
| 650 | |a EVALUACION | ||
| 773 | |g volumen 5, número 1; páginas 117-128 | ||
| 999 | |c 38319 |d 38319 | ||
